000 00997cam a2200301 4500
001 2191166
003 OSt
005 20140310182158.0
008 720602s1972 caua b 000 0 eng
010 _a 72183521
040 _aDLC
_cDLC
_dDLC
043 _aa-cc---
_an-us---
050 0 0 _aE 183.8.C5
_b.B87 1972
082 0 0 _aHS 327.51
_b.B85 1972
100 1 _aBuss, Claude Albert.
_916077
245 1 4 _aThe People's Republic of China and Richard Nixon, /
_cClaude A. Buss.
260 _aStanford, Calif.,
_bStanford Alumni Association,
_cc1972.
300 _a111 p.
_billus.
_c23 cm.
440 4 _aThe Portable Stanford,
_v1
_916078
504 _aIncludes Bibliography.
541 _j1
562 _e1
650 _aUnites States.
_xforeign relations.
_xChina.
_916079
650 _aChina.
_xforeign relations.
_xUnited States.
_916080
740 _aChina; the People's Republic of China and Richard Nixon.
906 _a7
_bcbc
_corignew
_d2
_encip
_f19
_gy-gencatlg
942 _2lcc
_cHS
999 _c10138
_d10138